[Event "Wch U18 Girls"]
[Site "Vung Tau"]
[Date "2008.10.30"]
[Round "11"]
[White "Esonboeva, Gulruhsor"]
[Black "Karayaylali, Pinar"]
[Result "1-0"]
[WhiteElo "2008"]
[BlackElo "1625"]
[PlyCount "133"]
[EventDate "2008.10.20"]
[EventType "swiss"]
[EventRounds "11"]
[EventCountry "VIE"]
[SourceTitle "EXT 2009"]
[Source "ChessBase"]
[SourceDate "2008.11.26"]
[SourceVersion "1"]
[SourceVersionDate "2008.11.26"]
[SourceQuality "1"]

1. e4 e6 2. c4 d5 3. exd5 exd5 4. cxd5 Nf6 5. Bb5+ Bd7 6. Qb3 Qe7+ 7. Ne2 Qb4 8. Bc4 Qxb3 9. Bxb3 Na6 10. d4 Bd6 11. 0-0 0-0 12. Nbc3 Bf5 13. a3 Rad8 14. Bg5 Be7 15. Ng3 Bg6 16. Rfe1 Bd6 17. Bxf6 gxf6 18. Nge4 Bxe4 19. Nxe4 Kg7 20. Rac1 Bf4 21. Rc2 Rfe8 22. Rce2 f5 23. Nc5 Rxe2 24. Rxe2 Nxc5 25. dxc5 b6 26. g3 Bg5 27. Rc2 Bf6 28. cxb6 cxb6 29. Rd2 Be5 30. Kg2 f4 31. Kf3 fxg3 32. hxg3 f5 33. Ba4 Kf6 34. Ke3 Ke7 35. f4 Bd6 36. Bc6 Rg8 37. Kf3 Kf7 38. Re2 Rd8 39. Re6 Be7 40. Rh6 Kg7 41. Rh5 Kg6 42. g4 fxg4+ 43. Kxg4 Bf6 44. b3 Rd6 45. Bb5 h6 46. Bd3+ Kg7 47. Be4 Bb2 48. a4 Rf6 49. Bf5 Ba3 50. Rh2 Bc5 51. Rg2 Kf8 52. Rh2 Ke7 53. Re2+ Kd6 54. Be6 a5 55. f5 Ba3 56. Rc2 Bc5 57. Kf4 Rf8 58. Rg2 Bd4 59. Ke4 Bc5 60. Rg7 Rd8 61. Rh7 h5 62. Rxh5 Rf8 63. Rh7 Rd8 64. f6 Ba3 65. Rb7 Bc5 66. f7 Bg1 67. Rd7+ 1-0

[Event "Wch U18 Girls"]
[Site "Vung Tau"]
[Date "2008.10.29"]
[Round "10"]
[White "Karayaylali, Pinar"]
[Black "Messina, Roberta"]
[Result "1/2-1/2"]
[WhiteElo "1625"]
[BlackElo "1949"]
[PlyCount "59"]
[EventDate "2008.10.20"]
[EventType "swiss"]
[EventRounds "11"]
[EventCountry "VIE"]
[SourceTitle "EXT 2009"]
[Source "ChessBase"]
[SourceDate "2008.11.26"]
[SourceVersion "1"]
[SourceVersionDate "2008.11.26"]
[SourceQuality "1"]

1. e4 c5 2. Nf3 d6 3. d4 cxd4 4. Nxd4 Nf6 5. Nc3 a6 6. Be2 e6 7. 0-0 Be7 8. a4 0-0 9. Be3 Nc6 10. Kh1 Qc7 11. f4 Re8 12. Bf3 Rb8 13. g4 Nd7 14. Nb3 b6 15. Bg2 Bb7 16. Qe2 Nc5 17. Nd2 Nb4 18. Rac1 d5 19. e5 Rbd8 20. Nf3 Nc6 21. Nd4 f6 22. exf6 Bxf6 23. Qf2 Qd7 24. g5 Be7 25. b3 Kh8 26. Rce1 Rf8 27. Qe2 a5 28. Ncb5 Nxd4 29. Bxd4 Ba6 30. Bxc5 1/2-1/2

[Event "Wch U20 Girls"]
[Site "Gaziantep"]
[Date "2008.08.11"]
[Round "9"]
[White "Karayaylali, Pinar"]
[Black "Anton, Sarah"]
[Result "1/2-1/2"]
[WhiteElo "1597"]
[BlackElo "1681"]
[PlyCount "135"]
[EventDate "2008.08.03"]
[EventType "swiss"]
[EventRounds "13"]
[EventCountry "TUR"]
[SourceTitle "CBM 125 Extra"]
[Source "ChessBase"]
[SourceDate "2008.09.01"]
[SourceVersion "1"]
[SourceVersionDate "2008.09.01"]
[SourceQuality "1"]

1. e4 c5 2. Nf3 d6 3. d4 cxd4 4. Nxd4 Nf6 5. Nc3 a6 6. Be2 e5 7. Nb3 Be6 8. Be3 Be7 9. a4 Nc6 10. 0-0 0-0 11. Kh1 Rc8 12. f4 exf4 13. Bxf4 d5 14. exd5 Nxd5 15. Nxd5 Bxd5 16. Bf3 Be6 17. Qxd8 Rfxd8 18. Rfd1 Rxd1+ 19. Rxd1 b6 20. Bxc6 Rxc6 21. Nd4 Rc4 22. b3 Bg4 23. Rd3 Rc8 24. c3 Bf6 25. h3 Bh5 26. Re3 h6 27. Kg1 Rxc3 28. Rxc3 Bxd4+ 29. Re3 g5 30. Kf1 Bxe3 31. Bxe3 Bd1 32. b4 Bxa4 33. Bxb6 f5 34. Kf2 Kf7 35. g3 Kg6 36. Be3 Bd7 37. h4 h5 38. Bxg5 Kf7 39. Ke3 Ke6 40. Kd4 Kd6 41. Bf4+ Ke6 42. Kc5 Bb5 43. Kd4 Be2 44. Kc5 Bf1 45. Kd4 Kd7 46. Ke5 Bh3 47. Kd5 Bg2+ 48. Ke5 Bh3 49. Kd5 Kc8 50. Kc6 Bg2+ 51. Kb6 Bf1 52. Kc6 Kd8 53. Bg5+ Ke8 54. Kd6 Kf7 55. Ke5 Bd3 56. Kd4 Bc2 57. Ke5 Ke8 58. Ke6 Kf8 59. Kf6 Kg8 60. Kg6 f4+ 61. Kxh5 fxg3 62. Be3 g2 63. Kg4 Be4 64. Kg3 Kh7 65. Kh2 Kg6 66. Kg1 Kh5 67. Bg5 Kg4 68. Bd8 1/2-1/2

[Event "TUR-chT"]
[Site "Kocaeli"]
[Date "2008.06.27"]
[Round "7"]
[White "Karayaylali, Pinar"]
[Black "Ozturk Orenli, Kubra"]
[Result "0-1"]
[WhiteElo "1597"]
[BlackElo "2169"]
[PlyCount "92"]
[EventDate "2008.06.24"]
[EventType "team"]
[EventRounds "15"]
[EventCountry "TUR"]
[SourceTitle "CBM 125 Extra"]
[Source "ChessBase"]
[SourceDate "2008.09.01"]
[SourceVersion "1"]
[SourceVersionDate "2008.09.01"]
[SourceQuality "1"]

1. e4 e5 2. Nf3 Nc6 3. d4 exd4 4. Nxd4 Bc5 5. Nb3 Bb4+ 6. c3 Be7 7. Be3 Bf6 8. Be2 Nge7 9. 0-0 0-0 10. f4 g6 11. Bf3 d6 12. Na3 Rb8 13. Nc2 b5 14. Ncd4 Bd7 15. Nxc6 Nxc6 16. Qd2 a5 17. Nd4 Ne7 18. Rfd1 Bg7 19. Rac1 Nc8 20. Ne2 Nb6 21. b3 a4 22. Bd4 Qe7 23. Bxg7 Kxg7 24. Qd4+ Kg8 25. Ng3 axb3 26. axb3 Be6 27. Rb1 f6 28. f5 Bf7 29. Be2 Nd7 30. c4 b4 31. Ra1 Nc5 32. Rdb1 Ra8 33. Bd1 Qe5 34. Qxe5 fxe5 35. Bc2 Kg7 36. Kf2 Rfb8 37. Ke3 Kf6 38. Kd2 Be8 39. fxg6 hxg6 40. Ke3 Ra3 41. Rxa3 bxa3 42. Ra1 Nxb3 43. Rxa3 Nd4 44. Ra2 Bf7 45. Kd3 Rb4 46. Ra4 Nxc2 0-1

[Event "Olympiad U16 11th"]
[Site "Acri"]
[Date "2006.08.12"]
[Round "10"]
[White "Rosberg, Simon"]
[Black "Karayaylali, Pinar"]
[Result "1-0"]
[WhiteElo "2011"]
[BlackElo "1593"]
[PlyCount "57"]
[EventDate "2006.08.06"]
[EventType "team"]
[EventRounds "10"]
[EventCountry "TUR"]
[SourceTitle "EXT 2007"]
[Source "ChessBase"]
[SourceDate "2006.11.23"]
[SourceVersion "1"]
[SourceVersionDate "2006.11.23"]
[SourceQuality "1"]
[WhiteTeam "Sweden"]
[BlackTeam "Turkey II"]
[WhiteTeamCountry "SWE"]
[BlackTeamCountry "TUR"]

1. d4 e6 2. c4 b6 3. Nf3 Bb7 4. g3 Bb4+ 5. Bd2 Qe7 6. Bg2 Nf6 7. 0-0 0-0 8. Bg5 d5 9. Qc2 Bd6 10. Nc3 Nbd7 11. cxd5 exd5 12. Nh4 Qe6 13. Nf5 a6 14. Bh3 Kh8 15. Kg2 Qe8 16. Nxd6 cxd6 17. Kg1 Ne4 18. Nxe4 dxe4 19. Qc7 Bc8 20. Qxd6 Rb8 21. Rac1 Rb7 22. Rc3 f5 23. Rfc1 Rb8 24. Be7 Rf7 25. Qxb8 Nxb8 26. Rxc8 Rxe7 27. Bxf5 g6 28. Rxe8+ Rxe8 29. Bxe4 1-0

[Event "Olympiad U16 11th"]
[Site "Acri"]
[Date "2006.08.08"]
[Round "4"]
[White "Rasulov, Vugar Ural Oglu"]
[Black "Karayaylali, Pinar"]
[Result "1-0"]
[WhiteElo "2152"]
[BlackElo "1593"]
[PlyCount "39"]
[EventDate "2006.08.06"]
[EventType "team"]
[EventRounds "10"]
[EventCountry "TUR"]
[SourceTitle "EXT 2007"]
[Source "ChessBase"]
[SourceDate "2006.11.23"]
[SourceVersion "1"]
[SourceVersionDate "2006.11.23"]
[SourceQuality "1"]
[WhiteTeam "Azerbaijan"]
[BlackTeam "Turkey II"]
[WhiteTeamCountry "AZE"]
[BlackTeamCountry "TUR"]

1. e4 e6 2. d4 d5 3. exd5 exd5 4. c4 c6 5. Nc3 Nf6 6. Nf3 Bf5 7. Be2 Be7 8. 0-0 0-0 9. Qb3 dxc4 10. Qxb7 Nbd7 11. Qxc6 Rc8 12. Qb5 Be6 13. Ng5 Nb6 14. Nxe6 fxe6 15. Be3 Qc7 16. Bf3 Rfd8 17. Qa6 Nfd5 18. Bg4 Qc6 19. Nxd5 Nxd5 20. Bxe6+ 1-0